| 000 | 00367nam a2200133Ia 4500 | ||
|---|---|---|---|
| 005 | 20260328104338.0 | ||
| 008 | 260328s9999||||xx |||||||||||||| ||und|| | ||
| 100 | _aFonseca, Elizabeth | ||
| 245 | 0 |
_aHistoria de la Arquitectura en Costa Rica / _cElizabeth Fonseca |
|
| 260 | _bFundación del Banco Central | ||
| 300 | _a479 p. | ||
| 650 | _aCOSTA RICA | ||
| 942 | _cBK | ||
| 999 |
_c11981 _d11981 |
||